| 000 | 00421nam a22001697a 4500 | ||
|---|---|---|---|
| 005 | 20230415111419.0 | ||
| 008 | 230414b |||||||| |||| 00| 0 eng d | ||
| 020 | _a978-0-470-37138-1 | ||
| 041 | _aeng | ||
| 082 | _a610 WEI-G | ||
| 100 |
_aWEINBERG, SANDY _97783 |
||
| 245 | _aGUIDEBOOK FOR DRUG REGULATORY SUBMISSIONS | ||
| 260 | _bWILEY | ||
| 300 | _a379;P. | ||
| 650 |
_aPHARMACY _xB. PHARMA _97784 |
||
| 942 | _cBK | ||
| 999 |
_c8293 _d8291 |
||